00414nam a2200145 a 450000100080000000500110000800800410001910000120006024500730007226000380014530000100018352000500019365000180024365000070026111356272025-05-02 1999 bl uuuu u00u1 u #d1 aEPAGRI. aAgropecu??ria Catarinense, v. 12, n. 1, 1999.h[electronic resource] aFlorian??polis, SC : Epagric1999 a44 p. aN??mero da revista Agropecu??ria Catarinense. aAgropecu??ria aSC